| 000 | 00556nam a2200193Ia 4500 | ||
|---|---|---|---|
| 005 | 20250923145731.0 | ||
| 008 | 008 250917s9999 xx 000 0 eng d | ||
| 037 | _aTextual | ||
| 040 |
_aDSWL _beng _cDSWL |
||
| 041 |
_aeng _2eng |
||
| 084 |
_aYX,ZD, N80 _qDSWL |
||
| 245 | 0 |
_aPerspectives on social group work practice : A book of readings _cEd. by Albert S. Alissi |
|
| 260 |
_aNew York _b Free Press _c1980 |
||
| 300 | _ax,405 | ||
| 365 |
_aUSD _b14.95 |
||
| 925 | _g14.95 | ||
| 942 |
_cTEXL _hYX,ZD, N80 |
||
| 999 |
_c1454990 _d1454990 |
||